¡Pero qué chicas tan malas! (Registro nro. 9569)

Detalles MARC
000 -LIDER
fixed length control field 00953cam a2200349 4500
001 - NÚMERO DE CONTROL
Identificador de número de control 3348180
003 - IDENTIFICACDOR DE NÚMERO DE CONTROL
control field DO-SdBNP
005 - DATE AND TIME OF LATEST TRANSACTION
control field 20180220141730.0
007 - CAMPOS FIJOS DE DESCRIPCIÓN FÍSICA
fixed length control field 3348180
008 - ELEMENTOS DE LONGITUD FIJA
fixed length control field 080404r2000 sp | |||| 000 1 spa
015 ## - NÚMERO DENTRO DE LA BIBLIOGRAFÍA NACIONAL
National bibliography number
017 ## - NÚMERO DE REGISTRO DE DERECHOS DE AUTOR
Copyright or legal deposit number
Assigning agency
020 ## - ISBN
International Standard Book Number 8434861836
035 ## - NÚMERO LOCAL
System control number
040 ## - FUENTE DE CATALOGACIÓN
Agencia que crea de manera original el registro BPMSU
Idioma de catalogación spa
Agencia que realiza la transcripción BPMSU
Convenciones de la despripción
041 1# - CÓDIGOS DE OBRAS TRADUCIDAS O EN VARIOS IDIOMAS
Código del idioma del texto/archivo de sonido o separata spa
Cód. del idioma original y/o traducciones intermedias del texto
080 ## - NÚMERO DE CLASIFICACIÓN DECIMAL UNIVERSAL
Universal Decimal Classification number
092 ## - LOCALLY ASSIGNED DEWEY DECIMAL CALL NUMBER
Número de clasificación 813.5
Número de ítem (Cutter) V891p
100 1# - ASIENTO PRINCIPAL -- NOMBRE PERSONAL
Nombre personal Voigt, Cynthia
240 10 - TITULO UNIFORME
Título uniforme Bad girls
Idioma de una obra español
245 10 - MENCIÓN DE TITULO
Título ¡Pero qué chicas tan malas!
Medio (Designación general de material)
Mención de responsabilidad Cynthia Voigt ; traducción Pilar León Fiz
250 ## - MENCIÓN DE EDICION
Mención de edición 3ª ed.
260 ## - PUBLICACIÓN, DISTRIBUCIÓN, ETC. (PIE DE IMPRENTA)
Lugar de publicación, distribución, etc Madrid :
Nombre del editor, distribuidor, etc. SM
Fecha de publicación, distribución, etc 2000
300 ## - DESCRIPCIÓN FÍSICA
Extensión 253 p. ;
Dimensiones 20 cm
490 1# - MENCIÓN DE SERIES
Mención de serie El barco de vapor.
-- Serie roja
Volume/sequential designation 104
650 ## - ENCABEZAMIENTO DE MATERIA--TEMÁTICO
Fuente del encabezamiento o término NOVELA JUVENIL ESTADOUNIDENSE
700 ## - ASIENTO SECUNDARIO -- NOMBRE PERSONAL
Nombre personal León Fiz, Pilar
Mención de responsabilidad traducción
830 #3 - ASIENTO SECUNDARIO DE SERIE--TÍTULO UNIFORME
Título uniforme El barco de vapor.
Nombre de la parte o sección de una obra Serie roja
Volume number/sequential designation 104
942 ## - ADDED ENTRY ELEMENTS (KOHA)
Source of classification or shelving scheme Dewey Decimal Classification
Koha item type Libros
945 ## - INFORMACIÓN DE PROCESAMIENTO LOCAL
Información de procesamiento local Inventariado, 2018 / BT
956 ## - LOCAL ELECTRONIC LOCATION AND ACCESS (OCLC)
Nombre de host VMATEO
Método de acceso 10
Materiales especificados 20160406
Enlace BPMSU
Campo enlazado y núm. de secuencia 0069
Existencias
Withdrawn status Lost status Source of classification or shelving scheme Damaged status Not for loan Collection code Home library Current library Date acquired Source of acquisition Total Checkouts Barcode Date last seen Price effective from Koha item type
    Dewey Decimal Classification     Colección Infantil General Biblioteca Pública Metropolitana Salomé Ureña Biblioteca Pública Metropolitana Salomé Ureña 04/06/2016 FUNDI   BPMSU16040124 04/06/2016 04/06/2016 Libros